| 000 | 00558nam a2200181 a 4500 | ||
|---|---|---|---|
| 001 | 000009247 | ||
| 005 | 20200929161530.0 | ||
| 008 | 090929s1987 dr 000 0 spa d | ||
| 040 |
_aDO-SdBNP _bspa _cBNPHU |
||
| 082 |
_axxxx _bG216l |
||
| 100 | 1 |
_aGarcía, Toribio _923953 |
|
| 245 | 1 | 0 |
_aLucubraciones médicas / _cToribio García. |
| 260 |
_aSanto Domingo : _bTaller, _c1987. |
||
| 300 |
_a127 p. ; _c20 cm. |
||
| 500 | _aIncluye datos biográficos del autor en la contracubierta | ||
| 590 | _aLa biblioteca posee 1 ejemplar autografíado | ||
| 049 | _aBNPD | ||
| 999 |
_c9010 _d9010 |
||